000 00731nas a2200253 4500
001 BR9209037
003 BR-BrBNA
005 20231205093213.0
007 ta
008 230509b bl.|||p| |||| 00| 00por d
040 _aBR-BrBNA
_bpor
_cBiblioteca Nacional de Agricultura
041 _a(Pt)
072 _aC10; P01
100 1 _aFerreira, M.
100 1 _aValera, F.P.
245 1 _aInstituicoes ligadas a conservacao genetica "in situ"
650 _aINSTITUICAO AGRICOLA
650 _aRECURSO FLORESTAL
650 _aCONSERVACAO
650 _aGENETICA VEGETAL
773 0 _tIPEF (Brazil)
_xISSN 0100-4557
_g(Apr 1987), (no. 35) p. 93-100
_wBR9209037
909 _a202311
_bLúcia
_c55
_dLúcia Elande
942 _2AGRIS
_n0
_cANA
999 _c136831
_d136831